<?xml version="1.0" encoding="UTF-8"?><?xml-stylesheet type="text/xsl" href="static/style.xsl"?><OAI-PMH xmlns="http://www.openarchives.org/OAI/2.0/" xmlns:xsi="http://www.w3.org/2001/XMLSchema-instance" xsi:schemaLocation="http://www.openarchives.org/OAI/2.0/ http://www.openarchives.org/OAI/2.0/OAI-PMH.xsd"><responseDate>2026-06-29T02:44:23Z</responseDate><request verb="GetRecord" identifier="oai:docta.ucm.es:20.500.14352/116678" metadataPrefix="marc">https://docta.ucm.es/rest/oai/request</request><GetRecord><record><header><identifier>oai:docta.ucm.es:20.500.14352/116678</identifier><datestamp>2025-01-29T00:54:05Z</datestamp><setSpec>com_20.500.14352_14</setSpec><setSpec>col_20.500.14352_15</setSpec></header><metadata><record xmlns="http://www.loc.gov/MARC21/slim" xmlns:dcterms="http://purl.org/dc/terms/" xmlns:xsi="http://www.w3.org/2001/XMLSchema-instance" xmlns:doc="http://www.lyncode.com/xoai" xsi:schemaLocation="http://www.loc.gov/MARC21/slim http://www.loc.gov/standards/marcxml/schema/MARC21slim.xsd">
   <leader>00925njm 22002777a 4500</leader>
   <datafield ind2=" " ind1=" " tag="042">
      <subfield code="a">dc</subfield>
   </datafield>
   <datafield ind2=" " ind1=" " tag="720">
      <subfield code="a">Clemares-Lama, Marta</subfield>
      <subfield code="e">author</subfield>
   </datafield>
   <datafield ind2=" " ind1=" " tag="720">
      <subfield code="a">Manrique Municio, Alejandro</subfield>
      <subfield code="e">author</subfield>
   </datafield>
   <datafield ind2=" " ind1=" " tag="720">
      <subfield code="a">Jiménez Romero, Luis Carlos</subfield>
      <subfield code="e">author</subfield>
   </datafield>
   <datafield ind2=" " ind1=" " tag="720">
      <subfield code="a">García-Sesma Pérez-Fuentes, Álvaro</subfield>
      <subfield code="e">author</subfield>
   </datafield>
   <datafield ind2=" " ind1=" " tag="720">
      <subfield code="a">Calvo Pulido, Jorge</subfield>
      <subfield code="e">author</subfield>
   </datafield>
   <datafield ind2=" " ind1=" " tag="720">
      <subfield code="a">Moreno González, Enrique</subfield>
      <subfield code="e">author</subfield>
   </datafield>
   <datafield ind2=" " ind1=" " tag="260">
      <subfield code="c">2013-05-24</subfield>
   </datafield>
   <datafield ind2=" " ind1=" " tag="520">
      <subfield code="a">Background: The most practical measure to augment the available number of liver grafts and thus reduce waiting list mortality is to increase the donor age limit. We hypothesized that with careful selection of old liver donors without age limit it should be possible to obtain good patient and graft survival.

Methods: The present study comprises 351 adults who underwent liver transplantation. They were divided into three groups according to the age of the liver donors: group 1: 226 recipients of donors &lt;60 years; group 2: 75 recipients of donors between 60 and 70 years; and group 3: 50 recipients of donors >70 years. A comparative study among the groups was performed.

Results: Patient survival rates at 1, 3, and 5 years were, respectively, 81.0, 76.1, and 71.1 % in group 1; 83.8, 74, and 72.2 % in group 2; and 76, 70.0, and 62.9 % in group 3 (P = NS). Graft survival at 1, 3, and 5 years was, respectively, 74.8, 69.0, and 64.1 % in group 1; 82.7, 71.4, and 69.6 % in group 2; and 71.4, 64.8, and 58.3 % in group 3 (P = NS). We analyzed the use of older grafts in recipients with HCV cirrhosis and did not find significant differences in patient and graft survival at 1, 3, and 5 years. In multivariate analysis increased donor body mass index and decreased recipient albumin were associated with lower patient and graft survival.

Conclusions: Because patient and graft survival rates are not affected by donor age, well-selected older donor livers can be safely used if they show good function and preharvesting conditions.</subfield>
   </datafield>
   <datafield ind1="8" ind2=" " tag="024">
      <subfield code="a">Carlos Jiménez-Romero 1, Marta Clemares-Lama, Alejandro Manrique-Municio, Alvaro García-Sesma, Jorge Calvo-Pulido, Enrique Moreno-González. Long-term results using old liver grafts for transplantation: sexagenerian versus liver donors older than 70 years. World J Surg . 2013 Sep;37(9):2211-21.</subfield>
   </datafield>
   <datafield ind1="8" ind2=" " tag="024">
      <subfield code="a">10.1007/S00268-013-2085-7</subfield>
   </datafield>
   <datafield ind1="8" ind2=" " tag="024">
      <subfield code="a">https://hdl.handle.net/20.500.14352/116678</subfield>
   </datafield>
   <datafield ind1="8" ind2=" " tag="024">
      <subfield code="a">https://dx.doi.org/10.1007/S00268-013-2085-7</subfield>
   </datafield>
   <datafield ind1="8" ind2=" " tag="024">
      <subfield code="a">https://onlinelibrary.wiley.com/doi/10.1007/s00268-013-2085-7</subfield>
   </datafield>
   <datafield ind2="0" ind1="0" tag="245">
      <subfield code="a">Long-term results using old liver grafts for transplantation: Sexagenerian versus liver donors older than 70 years</subfield>
   </datafield>
</record></metadata></record></GetRecord></OAI-PMH>